Sports Quiz

Random Sports or Nintendo Quiz

Sheffield Wednesday Players 2000-2011 Quiz Stats

Quiz not verified by Sporcle

Challenge
Share
Tweet
Embed
Score 0/200 Timer 15:00
0 Plays Today
% Correct
Jermaine Johnson
81.4%
Daniel Jones
81.4%
Kenwyne Jones
81.4%
Brad Jones
80.9%
Chris Brunt
80.1%
Michael Johnson
79.7%
Clinton Morrison
79.2%
Réda Johnson
78.8%
Tommy Johnson
78.8%
Glenn Whelan
78.4%
Owen Morrison
77.1%
Michael Morrison
75.8%
Mark Beevers
74.6%
Lee Bullen
74.6%
Kevin Pressman
74.6%
Marcus Tudgay
74.2%
Richard Wood
73.7%
Tommy Spurr
73.3%
Nicky Weaver
72.5%
Steve MacLean
71.2%
Nick Wood
70.8%
Steve Adams
69.1%
Phil O'Donnell
69.1%
Alan Quinn
68.6%
James O'Connor
68.2%
Deon Burton
67.8%
Jon-Paul McGovern
67.8%
Gary Madine
67.4%
James Quinn
66.9%
Darren Potter
66.1%
Chris Adamson
65.3%
Lee Grant
63.6%
David Lucas
61.9%
Tommy Miller
61.4%
Dean Smith
61.4%
Jimmy Smith
61.4%
Lee Peacock
61%
Paul Smith
61%
Derek Geary
60.6%
Craig Rocastle
60.2%
Liam Palmer
59.7%
Joey O'Brien
59.3%
Gerald Sibon
59.3%
Leigh Bromby
58.9%
Burton O'Brien
58.9%
Graeme Lee
58.1%
Neil Mellor
56.8%
Drew Talbot
56.8%
Darren Purse
55.5%
Leon Clarke
55.1%
Gary Teale
55.1%
Paul Heckingbottom
54.7%
Arron Jameson
54.2%
Simon Donnelly
53.4%
Shefki Kuqi
53.4%
Chris Sedgwick
53.4%
Scott Carson
53%
Steve Watson
51.7%
Michael Gray
50.8%
Adam Proudlock
50.4%
Efan Ekoku
50%
Matthew Hamshaw
49.6%
Richard Hinds
49.6%
Ola Tidman
49.6%
Peter Atherton
49.2%
Graham Coughlan
49.2%
Alex Bruce
48.7%
% Correct
Mark Crossley
48.7%
Gabrielle Agbonlahor
48.3%
Patrick Collins
48.3%
Andy Booth
47.9%
Des Walker
47.9%
Niclas Alexandersson
47%
Jon Beswetherick
46.2%
Guylain Ndumbu-Nsungu
46.2%
Lloyd Owusu
46.2%
Akpo Sodje
46.2%
Chris Stringer
46.2%
Francis Jeffers
45.8%
Etienne Esajas
44.9%
Frank Simek
44.9%
Steve Haslam
44.5%
Grant Holt
44.5%
Leon Best
43.2%
Leon Knight
42.4%
Chris Marsden
40.7%
Petter Rudi
40.7%
Madjid Bougherra
40.3%
Paul Heffernan
40.3%
Luke Varney
40.3%
Guy Branston
39.8%
Chris Eagles
39.8%
Ian Nolan
39.8%
Wade Small
39.8%
Peter Gilbert
39%
John Hills
39%
Paul McLaren
39%
Yoann Folly
38.6%
Eddie Nolan
38.6%
Luke Boden
38.1%
Wim Jonk
38.1%
Sean McAllister
38.1%
Kim Olsen
38.1%
Giles Coke
37.7%
Jon Otsemobor
36.9%
Brian Barry-Murphy
36.4%
David Graham
36.4%
Danny Maddix
36.4%
Pablo Facundo Bonvin
36%
Barry Corr
36%
Richard Evans
36%
Paul Evans
36%
Mark Reynolds
35.2%
Tom Soares
35.2%
Terry Cooke
34.7%
Andy Hinchcliffe
34.7%
Chris Carr
34.3%
Zigor Aranalde
33.9%
Mark Robins
33.9%
Steve Harkness
33.5%
Ian Hendon
33.5%
Allan Johnston
33.5%
Nathan Modest
33.5%
Ryan Green
33.1%
Kenny Lunt
33.1%
Ashley Westwood
33.1%
Dean Windass
33.1%
Adam Green
32.6%
Rob Burch
32.2%
Tony McMahon
32.2%
Trond Egil Soltvedt
31.8%
Lewis McMahon
31.4%
Michael Reddy
31.4%
Wayne Andrews
30.9%
% Correct
Graham Barrett
30.9%
Rocky Lekaj
30.9%
Richie Partridge
30.9%
Lee Briscoe
30.5%
Robbie Mustoe
28.8%
Ben Sahar
28.8%
Tony Crane
27.5%
Gilles De Bilde
27.5%
Marlon Beresford
26.7%
Richard Cresswell
26.7%
Simon Grayson
26.7%
Hasney Aljofree
26.3%
Michele Di Piedi
26.3%
Ronnie Wallwork
26.3%
Ritchie Humphreys
25.8%
Franck Songo'o
25.8%
Drissa Diallo
25.4%
Mark Wilson
25.4%
Craig Armstrong
25%
Philip Scott
25%
Stuart Ripley
24.2%
Lee Bradbury
23.7%
Scott Oakes
23.7%
Aaron Lescott
23.3%
Eric Nixon
22.9%
Isaiah Osbourne
22.9%
Lloyd Sam
22.9%
Graham Kavanagh
22.5%
Adam Bolder
22%
Mikkel Bischoff
21.6%
Marlon Broomes
21.6%
Danny Sonner
21.6%
Mark Burchill
20.8%
Junior Agogo
19.9%
David Burrows
19.9%
Warren Feeney
19.9%
Barry Horne
19.9%
Jon Newsome
19.5%
Paul Gallacher
19.1%
Carl Robinson
19.1%
Jon Shaw
19.1%
Mickael Antoine-Curier
18.2%
Rory McArdle
17.8%
Kevin Gallacher
17.4%
Paul Heald
17.4%
Daryl Murphy
17.4%
Sean Roberts
17.4%
Robbie Stockdale
17.4%
Mark McKeever
16.1%
Maurice Ross
15.7%
Liam Needham
15.3%
Darryl Powell
14.4%
Adam Chambers
13.1%
Kevin Nicholson
12.7%
Garry Monk
10.2%
Con Blatsis
9.7%
Bojan Djordjic
9.7%
Enoch Showunmi
9.3%
Danny Reet
8.5%
Matthew Bowman
7.6%
Jon McCarthy
7.2%
Ross Greenwood
6.8%
Dave McClements
5.9%
Adam Muller
5.5%
Bartosz Ślusarski
0%
Pavel Srníček
0%

You're not logged in!

Compare scores with friends on all Sporcle quizzes.
Join for Free
OR
Log In

You Might Also Like...

Show Comments

Extras

Top Quizzes Today


Score Distribution

Your Account Isn't Verified!

In order to create a playlist on Sporcle, you need to verify the email address you used during registration. Go to your Sporcle Settings to finish the process.

Report this User

Report this user for behavior that violates our Community Guidelines.

Details: